| 000 | 00460nam a22001457a 4500 | ||
|---|---|---|---|
| 003 | 0 | ||
| 005 | 20221115135722.0 | ||
| 008 | 221115b xxu||||| |||| 00| 0 eng d | ||
| 050 |
_aNC 997 _b.T36 2019 |
||
| 245 |
_aVerdant heights homeowners association website _cVan Allen Tan |
||
| 260 |
_aLas Pinas City, Philippines _bSouthville International School and Colleges _cC2019 |
||
| 300 |
_a99pp. _c28cm. _fTheses |
||
| 500 | _aAssociation website. | ||
| 942 |
_2lcc _cTH |
||
| 999 |
_c364888 _d364888 |
||